El 12 de octubre y más allá

Enregistré dans:
Détails bibliographiques
Format: Texte
Tags: Ajouter un tag
Pas de tags, Soyez le premier à ajouter un tag!

MARC

LEADER 00000 a a2200000 04500
001 42522
003
040
245 |a El 12 de octubre y más allá  
773 |g volumen23, número1020 ( , 2002), páginas 11-13  
999 |c 31883  |d 31883